<The> Smart Cities Concept in the Conditions of the Slovak Republic

Inovácia ako kľúčový prístup k napredovaniu a fungovaniu inteligentných miest, ktoré prostredníctvom svojich prepojení tvoria systém reprezentovaný orgánmi verejnej správy, súkromným sektorom a občianskou spoločnosťou. Snaha štátov riadiť sa svojimi inteligentnými konceptmi a integrovať inteligentné...

Descrizione completa

Salvato in:
Dettagli Bibliografici
Autore principale: Lovciová, Kornélia, 1983-
Natura: Capitolo di libro
Lingua:inglese
Soggetti:
Tags: Aggiungi Tag
Nessun Tag, puoi essere il primo ad aggiungerne!!

MARC

LEADER 00000naa$a2200000$$$4500
001 0278842
005 20240502074329.3
041 0 |a eng 
044 |a SK 
245 1 0 |a <The> Smart Cities Concept in the Conditions of the Slovak Republic  |c Kornélia Lovciová 
520 |a Inovácia ako kľúčový prístup k napredovaniu a fungovaniu inteligentných miest, ktoré prostredníctvom svojich prepojení tvoria systém reprezentovaný orgánmi verejnej správy, súkromným sektorom a občianskou spoločnosťou. Snaha štátov riadiť sa svojimi inteligentnými konceptmi a integrovať inteligentné prvky do aktivít miest s cieľom dosiahnutia trvalo udržateľného rozvoja. Analýza koncepcie inteligentných miest z hľadiska trvalo udržateľného rozvoja so zameraním na inovácie a vykazovanie inteligentných informácií, ktoré spĺňajú definíciu nefinančných informácií vo výročnej správe organizácií či podnikov v podmienkach Slovenskej republiky. 
610 2 0 |a mestá inteligentné 
610 2 0 |a správy výročné 
610 2 0 |a ukazovatele nefinančné 
610 2 0 |a dokumentácia účtovná 
610 2 0 |a inovácia 
610 2 0 |a efektívnosť 
610 2 0 |a zodpovednosť podniku spoločenská 
610 2 0 |a rozvoj trvalo udržateľný 
610 2 0 |a Slovensko 
100 1 |a Lovciová, Kornélia, 1983-